000 00569nam a2200181Ia 4500
003 GCL
008 140319s9999 xx 000 0 ara d
040 _aGCL /
_cGCL
082 0 4 _a811.4
_bي ت
100 1 _aيوسف خليف
245 1 0 _aتاريخ الشعر فى العصر العباسى /
_cيوسف خليف
300 _a309 ص
490 _aالهيئة العامة للاستعلامات
_v0
650 0 4 _aالشعر العربى
650 0 4 _aالادب العربى
650 0 4 _aالشعر - تاريخ - العصر العباسى
942 _2ddc
_cBK
999 _c49492
_d49492